| 000 | 00468nam a2200181Ia 4500 | ||
|---|---|---|---|
| 001 | 4193 | ||
| 005 | 20260306145737.0 | ||
| 008 | 260306t1995||||xx |||||||||||||| ||spa|| | ||
| 041 | _aESP | ||
| 082 |
_a320 _bP666 |
||
| 100 |
_aPopper, Karl R. _eAUT |
||
| 245 | 0 |
_aLa responsabilidad de vivir: _bEscritos sobre política, historia y conocimiento |
|
| 260 | _c1995 | ||
| 300 |
_a287 páginas : _c23 cm. |
||
| 650 | _aGEN | ||
| 654 | _aCDE | ||
| 942 |
_cLIB _dJUS _fJUS _2ddc _n |
||
| 999 |
_c4193 _d4193 |
||